La Educación superior de calidad…¡ cuesta! : (Registro nro. 6024)
[ vista simple ]
| 000 -LEADER | |
|---|---|
| fixed length control field | 01144nam a2200229Ia 4500 |
| 003 - CONTROL NUMBER IDENTIFIER | |
| control field | OSt |
| 005 - DATE AND TIME OF LATEST TRANSACTION | |
| control field | 20200908123037.0 |
| 008 - FIXED-LENGTH DATA ELEMENTS--GENERAL INFORMATION | |
| fixed length control field | 191128s2011 ck gr 000 0dspa d |
| 020 ## - INTERNATIONAL STANDARD BOOK NUMBER | |
| International Standard Book Number | 9789585719408 |
| 040 ## - CATALOGING SOURCE | |
| Original cataloging agency | CO-JMCR |
| Transcribing agency | CO-JMCR |
| 041 0# - LANGUAGE CODE | |
| Language code of text/sound track or separate title | spa |
| 082 04 - DEWEY DECIMAL CLASSIFICATION NUMBER | |
| Classification number | 378.110711 / |
| Item number | F652e |
| Edition number | 23 |
| 110 1# - MAIN ENTRY--CORPORATE NAME | |
| Corporate name or jurisdiction name as entry element | Fondo de Desarrollo de la Educación Superior(FODESEP) |
| 9 (RLIN) | 9940 |
| 245 13 - TITLE STATEMENT | |
| Title | La Educación superior de calidad…¡ cuesta! : |
| Remainder of title | Modelo prospectivo de análisis de inversiones, costos y financiación de la oferta para una educación superior con estandares de calidad, cobertura y pertinencia en Colombia, a 2020 / |
| Statement of responsibility, etc. | Fondo de Desarrollo de la Educación Superior |
| 260 ## - PUBLICATION, DISTRIBUTION, ETC. | |
| Place of publication, distribution, etc. | Bogotá : |
| Name of publisher, distributor, etc. | Fodesep, |
| Date of publication, distribution, etc. | 2011. |
| 300 ## - PHYSICAL DESCRIPTION | |
| Extent | 258 páginas ; |
| Dimensions | 28 cm. |
| 504 ## - BIBLIOGRAPHY, ETC. NOTE | |
| Bibliography, etc. note | Bibliografía : páginas 256-258. |
| 505 0# - FORMATTED CONTENTS NOTE | |
| Formatted contents note | Contexto de la educación en Colombia -- Recolección y preparación de información -- Metas del Ministerio de Educación Nacional -- Metodología -- Simulación de cupos del Sena -- Estimación de estudiantes Ceres |
| 650 24 - SUBJECT ADDED ENTRY--TOPICAL TERM | |
| Topical term or geographic name entry element | Educación |
| Geographic subdivision | Colombia |
| 9 (RLIN) | 9941 |
| 650 24 - SUBJECT ADDED ENTRY--TOPICAL TERM | |
| Topical term or geographic name entry element | Estudiantes y profesores |
| Geographic subdivision | Colombia |
| 9 (RLIN) | 9942 |
| 942 ## - ADDED ENTRY ELEMENTS (KOHA) | |
| Source of classification or shelving scheme | Dewey Decimal Classification |
| Koha item type | Books |
| Withdrawn status | Lost status | Source of classification or shelving scheme | Materials specified (bound volume or other part) | Damaged status | Not for loan | Home library | Current library | Shelving location | Date acquired | Source of acquisition | Full call number | Barcode | Date last seen | Copy number | Price effective from | Koha item type |
|---|---|---|---|---|---|---|---|---|---|---|---|---|---|---|---|---|
| Dewey Decimal Classification | Donación--15/04/2018-- | Biblioteca Pública José María del Castillo y Rada | Biblioteca Pública José María del Castillo y Rada | General Stacks | 11/28/2019 | Donación | 378.110711 / F652e | 430011637 | 05/16/2024 | Ej.1 | 11/28/2019 | Books |